Traditions culinaires - Noël - Statistiques

Statistiques générales
  • Ce quiz a été pris 1 391 fois
  • Le résultat moyen est 5 sur 10
Statistiques - réponses
Question Réponse % Correct
Quel dessert trouve-t-on régulièrement en Allemagne sur les marchés durant les fêtes de Noël ? Du pain d'épices
92%
Quel est le plat préféré des Français lors des célébrations de Noël ? Le foie gras
75%
Aux États-Unis, la sauce au canneberge est un incontournable des fêtes de fin d’année pour accompagner la dinde. Mais qu'est ce que le canneberge ? Un fruit rouge ou violet
74%
Dans les régions limitrophes à l'Allemagne, avec quel aliment associe-t-on généralement le chou rouge en accompagnement pour Noël ? Des pommes
56%
La tradition de la bûche de Noël en dessert de Noël n'existe qu'en France et en Belgique. Vrai ou faux ? Faux
53%
D’après une ancienne tradition provençale, combien de desserts sont servis lors de la veillée de la fête de Noël ? 13
39%
Quel est le nom de cette brioche de Noël en forme de petit Jésus, populaire en Belgique ? Cougnou
39%
Le boudin blanc est un plat de Noël (tombé un peu en désuétude) de quelle département de France ? Les Ardennes
38%
Quel pays consomme à Noël une sorte de riz au lait avec du coulis de cerises, et dont les couleurs du drapeau sont les mêmes que celles de ce dessert ? Danemark
36%
Quelle forme prend traditionnellement le petit bonbon meringue multicolore consommé en France à Noël ? Jésus
34%
Aucun quiz correspondant
Distribution des résultats
% des personnes avec chaque résultat
Percentile par nombre de réponses
Votre historique - résultats
Vous n’avez pas pris ce quiz